| 000 | 00719cac a22001931u 4500 | ||
|---|---|---|---|
| 008 | 081130t2002 xxu||||| |||| 00| 0 eng d | ||
| 010 | _a2001032889 | ||
| 020 | _a0201730472 (pbk.) | ||
| 020 | _a9780201730470 | ||
| 082 | 0 | 0 |
_a004.0151 _bHAG _221 |
| 100 | 1 | _aHaggarty, Rod. | |
| 245 | 1 | 0 |
_aDiscrete Mathematics for Computing / _cRod Haggarty. |
| 260 |
_aHarlow, England ; _aNew York : _bAddison-Wesley, _cc2002. |
||
| 300 |
_axii, 235 p. : _bill. ; _c24 cm. |
||
| 504 | _aIncludes bibliographical references (p. 232) and index. | ||
| 650 | 0 |
_aComputer science _xMathematics. |
|
| 655 |
_92185 _aDiscrete mathematics prep. _vtext book _xComputer Science _ySemester 2. 2008/2009 |
||
| 942 |
_cBB _k004.0151HAG _2ddc |
||
| 999 |
_c7778 _d7778 |
||